[Event "4NCL/Div3/FCA1 vs. WES2"]
[Site "Coventry ENG"]
[Date "2007.01.14"]
[Round "6.5"]
[White "Freeman, Richard C P"]
[Black "Gregory, Keith D"]
[Result "0-1"]
[WhiteElo "2106"]
[BlackElo "2077"]
[PlyCount "40"]
[EventDate "2007.01.14"]
[EventType "team"]
[EventRounds "11"]
[EventCountry "ENG"]
[WhiteTeam "FCA Solutions 1"]
[BlackTeam "Wessex 2"]

1. e4 d6 2. Nc3 g6 3. f4 Bg7 4. Nf3 c5 5. Bc4 Nc6 6. O-O e6 7. d3 Nge7 8. Qe1
Nd4 9. Nxd4 cxd4 10. Ne2 O-O 11. f5 exf5 12. Qh4 Kh8 13. Bg5 f6 14. Bh6 fxe4
15. Bxg7+ Kxg7 16. Qxe4 d5 17. Bxd5 Nxd5 18. Nxd4 Re8 19. Qh4 f5 20. Qf2 Ne3
0-1

[Event "4NCL/Div3/FCA1 vs. WES2"]
[Site "Coventry ENG"]
[Date "2007.01.14"]
[Round "6.6"]
[White "Pym, Thomas W"]
[Black "Habershon, Paul"]
[Result "0-1"]
[WhiteElo "2053"]
[BlackElo "2095"]
[PlyCount "88"]
[EventDate "2007.01.14"]
[EventType "team"]
[EventRounds "11"]
[EventCountry "ENG"]
[WhiteTeam "Wessex 2"]
[BlackTeam "FCA Solutions 1"]

1. e4 Nf6 2. e5 Nd5 3. d4 d6 4. c4 Nb6 5. exd6 cxd6 6. d5 e5 7. f4 g6 8. Nc3
Bg7 9. Be2 O-O 10. Nf3 Bg4 11. O-O N8d7 12. h3 Bxf3 13. Rxf3 Rc8 14. Qf1 f5 15.
Nb5 Qe7 16. Nxa7 Rce8 17. Rb3 exf4 18. Bf3 Nxc4 19. Rxb7 Qh4 20. Bxf4 Qxf4 21.
Rxd7 Bd4+ 22. Kh1 Nd2 23. Qd3 Be5 24. g3 Qxg3 25. Qxd2 Qxh3+ 26. Kg1 Qxf3 27.
Nc6 Bf4 28. Qg2 Be3+ 29. Kh1 Qh5+ 30. Qh2 Qxh2+ 31. Kxh2 Bf4+ 32. Kg2 Re4 33.
a4 Rfe8 34. a5 Re2+ 35. Kf3 Bg5 36. Ra3 Bh4 37. Ne7+ R8xe7 38. Rxe7 Rxe7 39. b4
Bf6 40. b5 Bd4 41. b6 Kf7 42. Ra4 Bc5 43. Rc4 Re3+ 44. Kg2 Rb3 0-1

[Event "4NCL/Div3/FCA1 vs. WES2"]
[Site "Coventry ENG"]
[Date "2007.01.14"]
[Round "6.7"]
[White "Williamson, Kevin J"]
[Black "Marsh, Roger"]
[Result "1-0"]
[WhiteElo "2017"]
[BlackElo "2094"]
[PlyCount "37"]
[EventDate "2007.01.14"]
[EventType "team"]
[EventRounds "11"]
[EventCountry "ENG"]
[WhiteTeam "FCA Solutions 1"]
[BlackTeam "Wessex 2"]

1. d4 g6 2. e4 Bg7 3. Nc3 c6 4. Bc4 d6 5. Qe2 Nf6 6. e5 dxe5 7. dxe5 Nd5 8. Bd2
O-O 9. f4 h5 10. Nf3 Bg4 11. h3 Bxf3 12. Qxf3 Nxc3 13. Bxc3 b5 14. Bxb5 Qb6 15.
Bc4 e6 16. O-O-O Na6 17. Rd6 Rfc8 18. Bd4 Nc5 19. Qa3 1-0

[Event "4NCL/Div3/FCA1 vs. WES2"]
[Site "Coventry ENG"]
[Date "2007.01.14"]
[Round "6.8"]
[White "Goddard, Charlie"]
[Black "Stenning, Marissa"]
[Result "1-0"]
[WhiteElo "1800"]
[BlackElo "1815"]
[PlyCount "115"]
[EventDate "2007.01.14"]
[EventType "team"]
[EventRounds "11"]
[EventCountry "ENG"]
[WhiteTeam "Wessex 2"]
[BlackTeam "FCA Solutions 1"]

1. e4 d5 2. exd5 Qxd5 3. Nc3 Qa5 4. Bc4 Nf6 5. d3 Bf5 6. Bd2 c6 7. Qe2 e6 8.
Nf3 Qd8 9. h3 Be7 10. g4 Bg6 11. O-O-O Nd5 12. Rde1 Qd6 13. Ne5 Nd7 14. Bxd5
cxd5 15. f4 Nxe5 16. Qxe5 Qxe5 17. Rxe5 Bd6 18. Ree1 Kd7 19. Rhf1 f5 20. Nb5
Bc5 21. Bc3 Rhg8 22. Nd4 Bxd4 23. Bxd4 h5 24. Rg1 Ke7 25. gxh5 Bxh5 26. Bxg7
Kf7 27. Bh6 Bf3 28. Rxg8 Rxg8 29. Bg5 Rh8 30. h4 Bg4 31. d4 b5 32. Re3 Rb8 33.
Rc3 Rb7 34. a3 a6 35. Rc6 a5 36. Ra6 a4 37. c3 Rb8 38. Kc2 Be2 39. b3 axb3+ 40.
Kxb3 Bc4+ 41. Kb2 Re8 42. h5 Kg8 43. Ra7 Rf8 44. Re7 Rf7 45. Rxe6 Kg7 46. h6+
Kh7 47. Re8 Kg6 48. Rg8+ Kh7 49. Ra8 Kg6 50. a4 bxa4 51. Rxa4 Rh7 52. Ka3 Kh5
53. Kb4 Rxh6 54. Bxh6 Kxh6 55. Ra1 Kg6 56. Kc5 Kf7 57. Kd6 Kf6 58. Rh1 1-0

[Event "4NCL/Div3/SWD2 vs. KHE"]
[Site "Coventry ENG"]
[Date "2007.01.14"]
[Round "6.1"]
[White "Trevelyan, John"]
[Black "Krzywda, Andrzej"]
[Result "1/2-1/2"]
[WhiteElo "2210"]
[BlackElo "2197"]
[PlyCount "134"]
[EventDate "2007.01.14"]
[EventType "team"]
[EventRounds "11"]
[EventCountry "ENG"]
[WhiteTeam "S W Dragons 2"]
[BlackTeam "Kings Head"]

1. d4 Nf6 2. c4 g6 3. Nc3 Bg7 4. e4 d6 5. Be2 O-O 6. Nf3 e5 7. dxe5 dxe5 8.
Qxd8 Rxd8 9. Bg5 Re8 10. Nd5 Nxd5 11. cxd5 c6 12. Bc4 cxd5 13. Bxd5 Nc6 14. O-O
Nb4 15. Bb3 Bd7 16. Be3 Be6 17. Bxe6 Rxe6 18. Bd2 Nd3 19. Bc3 Rd8 20. Rfd1 Red6
21. Ne1 Nf4 22. Rxd6 Rxd6 23. Kf1 Ne6 24. Nc2 Nd4 25. Ne3 f6 26. f3 Kf7 27. Rd1
Ke6 28. Nd5 Nb5 29. g4 Rc6 30. Ke2 Bf8 31. Kd3 Bc5 32. a4 Nxc3 33. bxc3 f5 34.
gxf5+ gxf5 35. Rb1 b6 36. Rb2 fxe4+ 37. fxe4 Kf7 38. Rg2 Rh6 39. Ke2 Rh3 40.
Kd2 a6 41. Nc7 a5 42. Nb5 Be3+ 43. Kd3 Bf4+ 44. Kc4 Rxh2 45. Rg1 Rd2 46. Nc7
Be3 47. Rg3 Bc5 48. Rg5 Kf6 49. Rf5+ Kg6 50. Nd5 h5 51. Rxe5 h4 52. Nf4+ Kf7
53. Rf5+ Ke8 54. Rh5 Bf2 55. e5 Bg3 56. Nd5 Re2 57. Nxb6 Rxe5 58. Rh7 Re7 59.
Rh8+ Kf7 60. Kd3 Kg7 61. Rh5 Re5 62. Rxe5 Bxe5 63. Ke4 Bxc3 64. Kf3 Kf7 65. Kg2
Kg6 66. Nc4 Kg5 67. Nxa5 Bxa5 1/2-1/2

[Event "4NCL/Div3/SWD2 vs. KHE"]
[Site "Coventry ENG"]
[Date "2007.01.14"]
[Round "6.2"]
[White "Whiteley, Andrew"]
[Black "Spice, Alan"]
[Result "1-0"]
[WhiteElo "2250"]
[BlackElo "2185"]
[PlyCount "103"]
[EventDate "2007.01.14"]
[EventType "team"]
[EventRounds "11"]
[EventCountry "ENG"]
[WhiteTeam "Kings Head"]
[BlackTeam "S W Dragons 2"]

1. d4 e6 2. c4 f5 3. Nf3 Nf6 4. g3 Be7 5. Bg2 O-O 6. O-O d6 7. Nc3 Qe8 8. b3 a5
9. Ba3 Na6 10. Rc1 Nb4 11. Bb2 c6 12. a3 Na6 13. Na4 b5 14. cxb5 cxb5 15. Nb6
Rb8 16. Nxc8 Rxc8 17. Qd2 Rxc1 18. Rxc1 Bd8 19. Ng5 d5 20. Qc2 Nd7 21. Nf3 Ndb8
22. e3 Rf7 23. Qc8 Kf8 24. Bf1 Rc7 25. Rxc7 Bxc7 26. Qxe8+ Kxe8 27. Bxb5+ Ke7
28. Ne5 Bxe5 29. dxe5 Nc5 30. b4 axb4 31. axb4 Ne4 32. f3 Ng5 33. Kf2 Nd7 34.
Ke2 Kd8 35. h4 Nf7 36. e4 dxe4 37. fxe4 Ndxe5 38. exf5 exf5 39. Ke3 Ke7 40. Be2
Kd6 41. b5 g6 42. Kf4 Nd7 43. Bc4 Nfe5 44. Ba3+ Kc7 45. Bg8 Kb6 46. Bd6 Nd3+
47. Kg5 N7c5 48. Bxc5+ Nxc5 49. Bxh7 Ne4+ 50. Kf4 Kxb5 51. Bxg6 Kc5 52. h5 1-0

[Event "4NCL/Div3/SWD2 vs. KHE"]
[Site "Coventry ENG"]
[Date "2007.01.14"]
[Round "6.4"]
[White "Wittmann, Jochen"]
[Black "Rees, Gwynfor"]
[Result "1-0"]
[WhiteElo "2215"]
[BlackElo "2167"]
[PlyCount "61"]
[EventDate "2007.01.14"]
[EventType "team"]
[EventRounds "11"]
[EventCountry "ENG"]
[WhiteTeam "Kings Head"]
[BlackTeam "S W Dragons 2"]

1. e4 e5 2. Bc4 Nf6 3. d4 exd4 4. Nf3 Nc6 5. e5 d5 6. Bb5 Ne4 7. Nxd4 Bc5 8.
Be3 Bd7 9. Bxc6 bxc6 10. O-O Qe7 11. f4 Nd6 12. Nd2 Nf5 13. Nxf5 Bxf5 14. Bxc5
Qxc5+ 15. Rf2 O-O 16. Nb3 Qb6 17. Qd4 Rab8 18. c3 Rfe8 19. Nc5 Re7 20. b4 Bc8
21. f5 Re8 22. Re1 f6 23. e6 Ba6 24. g4 Bc4 25. Re3 a5 26. g5 fxg5 27. f6 gxf6
28. Qxf6 axb4 29. Re5 h6 30. Qg6+ Kh8 31. Qxh6+ 1-0

[Event "4NCL/Div3/SWD2 vs. KHE"]
[Site "Coventry ENG"]
[Date "2007.01.14"]
[Round "6.5"]
[White "van Kemenade, Rudy"]
[Black "Sandu, Mihaela"]
[Result "0-1"]
[WhiteElo "2048"]
[BlackElo "2207"]
[PlyCount "54"]
[EventDate "2007.01.14"]
[EventType "team"]
[EventRounds "11"]
[EventCountry "ENG"]
[WhiteTeam "S W Dragons 2"]
[BlackTeam "Kings Head"]

1. d4 Nf6 2. c4 g6 3. Nc3 Bg7 4. e4 d6 5. Nf3 O-O 6. h3 e5 7. d5 Na6 8. Bg5 h6
9. Be3 Nc5 10. Nd2 a5 11. Be2 Bd7 12. Qc2 Nh7 13. g4 c6 14. Rg1 cxd5 15. cxd5
Rb8 16. Bxc5 dxc5 17. Nc4 b5 18. Ne3 Bf6 19. a4 Bg5 20. Ncd1 bxa4 21. Qxc5 Rb4
22. Nc4 Qb8 23. Qxa5 Be7 24. Rg3 Rxc4 25. Kf1 Rxe4 26. d6 Bxd6 27. Nc3 Rd4 0-1

[Event "4NCL/Div3/SWD2 vs. KHE"]
[Site "Coventry ENG"]
[Date "2007.01.14"]
[Round "6.6"]
[White "Lewis, Alex"]
[Black "Burton, Graham P"]
[Result "1-0"]
[WhiteElo "2170"]
[BlackElo "2115"]
[PlyCount "65"]
[EventDate "2007.01.14"]
[EventType "team"]
[EventRounds "11"]
[EventCountry "ENG"]
[WhiteTeam "Kings Head"]
[BlackTeam "S W Dragons 2"]

1. e4 c5 2. Nf3 e6 3. d3 Nc6 4. g3 g6 5. Bg2 Bg7 6. O-O Nge7 7. c3 e5 8. a4 d6
9. Na3 O-O 10. Nc4 h6 11. Be3 Be6 12. Nfd2 d5 13. exd5 Bxd5 14. Bxc5 Bxg2 15.
Kxg2 Qxd3 16. Qf3 Rfd8 17. Rad1 f6 18. Bxe7 Nxe7 19. Qxd3 Rxd3 20. Nf3 Rxd1 21.
Rxd1 Nc6 22. Rd7 e4 23. Nfd2 f5 24. g4 fxg4 25. Nxe4 Ne5 26. Nxe5 Bxe5 27. Re7
Bg7 28. Kg3 h5 29. Kf4 Bh6+ 30. Ke5 Kf8 31. Ke6 Bg7 32. Nf6 Rc8 33. Rf7# 1-0

[Event "4NCL/Div3/SWD2 vs. KHE"]
[Site "Coventry ENG"]
[Date "2007.01.14"]
[Round "6.7"]
[White "Miles, Richard"]
[Black "Okike, David C"]
[Result "1/2-1/2"]
[WhiteElo "2035"]
[BlackElo "2180"]
[PlyCount "98"]
[EventDate "2007.01.14"]
[EventType "team"]
[EventRounds "11"]
[EventCountry "ENG"]
[WhiteTeam "S W Dragons 2"]
[BlackTeam "Kings Head"]

1. d4 Nf6 2. Nf3 e6 3. c4 Bb4+ 4. Bd2 Qe7 5. g3 b6 6. Bg2 Bb7 7. O-O Bxd2 8.
Nfxd2 Bxg2 9. Kxg2 Nc6 10. e3 O-O 11. Nc3 a6 12. b3 Rfd8 13. Nde4 Ne8 14. d5
Na5 15. Qd4 f5 16. Nd2 e5 17. Qd3 g6 18. e4 f4 19. f3 Nb7 20. a3 a5 21. Qc2
fxg3 22. hxg3 Nf6 23. Qd3 Nh5 24. Qe3 Rf8 25. Nb5 d6 26. Nc3 Rf7 27. Ne2 Raf8
28. Rf2 Nc5 29. Raf1 Nd7 30. Ng1 Rb8 31. Nh3 Rff8 32. Ng5 b5 33. Ne6 Rfc8 34.
f4 Ndf6 35. Qe2 bxc4 36. bxc4 exf4 37. gxf4 c6 38. Rf3 Rb2 39. Rb3 Rxb3 40.
Nxb3 cxd5 41. exd5 a4 42. Nbd4 Nd7 43. Rf3 Re8 44. Qc2 Nb6 45. f5 Qh4 46. fxg6
Qg4+ 47. Kf2 hxg6 48. Qc1 Qh4+ 49. Kg2 Qg4+ 1/2-1/2

[Event "4NCL/Div3/SWD2 vs. KHE"]
[Site "Coventry ENG"]
[Date "2007.01.14"]
[Round "6.8"]
[White "O'Shaughnessy, Conor"]
[Black "van Kemenade, Julie"]
[Result "1-0"]
[WhiteElo "2201"]
[BlackElo "1925"]
[PlyCount "35"]
[EventDate "2007.01.14"]
[EventType "team"]
[EventRounds "11"]
[EventCountry "ENG"]
[WhiteTeam "Kings Head"]
[BlackTeam "S W Dragons 2"]

1. e4 d6 2. d4 g6 3. Nc3 Bg7 4. Be3 Nd7 5. Qd2 e5 6. Nf3 c6 7. Bc4 Nb6 8. Bb3
Qc7 9. a4 Be6 10. dxe5 Bxb3 11. exd6 Nc4 12. dxc7 Nxd2 13. Kxd2 Bc4 14. Bxa7
Ne7 15. Bd4 Bh6+ 16. Be3 Bg7 17. Rhd1 Nc8 18. Ke1 1-0

[Event "4NCL/Div3/BRJ vs. PAP"]
[Site "Coventry ENG"]
[Date "2007.01.14"]
[Round "6.1"]
[White "Girdlestone, Paul"]
[Black "Summerscale, Aaron"]
[Result "0-1"]
[WhiteElo "2225"]
[BlackElo "2487"]
[PlyCount "80"]
[EventDate "2007.01.14"]
[EventType "team"]
[EventRounds "11"]
[EventCountry "ENG"]
[WhiteTeam "Brown Jack"]
[BlackTeam "Pride+Prejudice"]

1. Nf3 d5 2. d4 Nc6 3. Bf4 Bg4 4. Nbd2 e6 5. e3 Bd6 6. Bxd6 cxd6 7. h3 Bh5 8.
c4 dxc4 9. Bxc4 Nge7 10. O-O O-O 11. b4 Nxb4 12. Rb1 Qa5 13. a3 Nbc6 14. Rb5
Bxf3 15. Nxf3 Qxa3 16. Qb1 d5 17. Bd3 g6 18. e4 b6 19. Rb3 Qd6 20. e5 Qd7 21.
Qc1 f6 22. Bb5 Qb7 23. Rc3 Rac8 24. Qa3 Na5 25. Rxc8 Nxc8 26. exf6 Rxf6 27. Ne5
Qe7 28. Qg3 Nd6 29. Bd3 Nac4 30. Ra1 a5 31. h4 Nf5 32. Qg5 Nxe5 33. dxe5 Rf7
34. Qg4 Qc7 35. h5 Qxe5 36. Rc1 Kg7 37. hxg6 hxg6 38. Rc8 Qe1+ 39. Kh2 Qxf2 40.
Bxf5 Qxf5 0-1

[Event "4NCL/Div3/BRJ vs. PAP"]
[Site "Coventry ENG"]
[Date "2007.01.14"]
[Round "6.2"]
[White "Flear, Christine"]
[Black "Richmond, Peter A"]
[Result "0-1"]
[WhiteElo "2160"]
[BlackElo "2238"]
[PlyCount "64"]
[EventDate "2007.01.14"]
[EventType "team"]
[EventRounds "11"]
[EventCountry "ENG"]
[WhiteTeam "Pride+Prejudice"]
[BlackTeam "Brown Jack"]

1. d4 d5 2. c4 c6 3. Nc3 e6 4. e3 Nf6 5. Nf3 Nbd7 6. Bd3 dxc4 7. Bxc4 b5 8. Be2
a6 9. O-O Bb7 10. e4 b4 11. e5 bxc3 12. exf6 c5 13. fxg7 Bxg7 14. bxc3 cxd4 15.
cxd4 O-O 16. Bf4 Qa5 17. Qd3 Nf6 18. Ne5 Rac8 19. Bd2 Qa4 20. f3 Rfd8 21. Nc4
Nd5 22. Rfb1 Ba8 23. Rb2 Qxc4 24. Qxc4 Rxc4 25. Bxc4 Bxd4+ 26. Kf1 Bxb2 27. Rb1
Bc3 28. Bg5 f6 29. Bh6 a5 30. Rc1 Bb4 31. Bb3 Kf7 32. Rc2 Bb7 0-1

[Event "4NCL/Div3/BRJ vs. PAP"]
[Site "Coventry ENG"]
[Date "2007.01.14"]
[Round "6.3"]
[White "Richmond, Jane"]
[Black "Winkelmann, Elena"]
[Result "0-1"]
[WhiteElo "2151"]
[BlackElo "2075"]
[PlyCount "140"]
[EventDate "2007.01.14"]
[EventType "team"]
[EventRounds "11"]
[EventCountry "ENG"]
[WhiteTeam "Brown Jack"]
[BlackTeam "Pride+Prejudice"]

1. d4 d5 2. Nc3 c6 3. e4 dxe4 4. Nxe4 Bf5 5. Ng3 Bg6 6. Nf3 e6 7. h4 h6 8. h5
Bh7 9. Bd3 Bxd3 10. Qxd3 Nf6 11. Ne5 Bd6 12. f4 Qc7 13. c3 Na6 14. Bd2 O-O-O
15. Qf3 c5 16. Rc1 Kb8 17. b4 cxd4 18. cxd4 Qb6 19. Nxf7 Bxb4 20. Bxb4 Qxb4+
21. Qc3 Qxc3+ 22. Rxc3 Rc8 23. Ne2 Rxc3 24. Nxc3 Rc8 25. Kd2 Nb4 26. Re1 Nxh5
27. Rxe6 Nxf4 28. Re4 Nfd5 29. Nxd5 Nxd5 30. Nd6 Rd8 31. Nf5 Nf6 32. Re6 g6 33.
Rxf6 gxf5 34. Ke3 Rg8 35. Kf3 Rg4 36. d5 Ra4 37. Rxh6 Rxa2 38. Kf4 Rxg2 39. Ke5
Re2+ 40. Kd6 a5 41. Rf6 Ka7 42. Kc7 Rc2+ 43. Kd8 a4 44. d6 Ka6 45. d7+ Ka5 46.
Ke7 Rc7 47. Kd6 Rxd7+ 48. Kxd7 b5 49. Kc6 a3 50. Rxf5 a2 51. Rxb5+ Ka6 52. Rb8
Ka7 53. Rb7+ Ka8 54. Rd7 a1=Q 55. Kb6 Qf6+ 56. Kc7 Qc3+ 57. Kb6 Qb4+ 58. Kc6
Kb8 59. Rd8+ Ka7 60. Rd7+ Ka6 61. Rd6 Qb5+ 62. Kc7+ Ka5 63. Rc6 Qe5+ 64. Kd7
Kb5 65. Rd6 Kc5 66. Re6 Qg7+ 67. Re7 Qg4+ 68. Ke8 Kd6 69. Kf7 Qh5+ 70. Kf8 Qh8+
0-1

[Event "4NCL/Div3/BRJ vs. PAP"]
[Site "Coventry ENG"]
[Date "2007.01.14"]
[Round "6.4"]
[White "Forbes, Cathy"]
[Black "Haydon, Richard"]
[Result "0-1"]
[WhiteElo "2098"]
[BlackElo "2203"]
[PlyCount "58"]
[EventDate "2007.01.14"]
[EventType "team"]
[EventRounds "11"]
[EventCountry "ENG"]
[WhiteTeam "Pride+Prejudice"]
[BlackTeam "Brown Jack"]

1. d4 d6 2. g3 g6 3. Bg2 Bg7 4. Nf3 Nf6 5. O-O O-O 6. c4 c6 7. Nc3 Qa5 8. Bd2
Qh5 9. Qb3 e5 10. dxe5 dxe5 11. Bg5 Nbd7 12. Rfd1 e4 13. Bxf6 Nxf6 14. Nd4 Qe5
15. e3 h5 16. Qc2 Re8 17. b4 h4 18. Rac1 hxg3 19. hxg3 Bg4 20. Rd2 Rad8 21. Qa4
a6 22. Nb3 Bh6 23. Rxd8 Rxd8 24. Qa5 Qd6 25. c5 Qb8 26. Nxe4 Nxe4 27. Bxe4 Bxe3
28. Re1 Qxg3+ 29. Kh1 Qh4+ 0-1

[Event "4NCL/Div3/BRJ vs. PAP"]
[Site "Coventry ENG"]
[Date "2007.01.14"]
[Round "6.5"]
[White "Cabero, Pablo Padilla"]
[Black "Yurenok, Maria S"]
[Result "0-1"]
[WhiteElo "2085"]
[BlackElo "2030"]
[PlyCount "88"]
[EventDate "2007.01.14"]
[EventType "team"]
[EventRounds "11"]
[EventCountry "ENG"]
[WhiteTeam "Brown Jack"]
[BlackTeam "Pride+Prejudice"]

1. e4 c5 2. Nc3 Nc6 3. g3 g6 4. Bg2 Bg7 5. d3 d6 6. Be3 Nd4 7. Qd2 e5 8. Nd1
Be6 9. c3 Nc6 10. Ne2 Qd7 11. h3 Nge7 12. f4 O-O 13. d4 cxd4 14. cxd4 exd4 15.
Nxd4 Bc4 16. b3 Ba6 17. Nc3 Nb4 18. O-O-O Rac8 19. Kb1 Bd3+ 20. Kb2 Nec6 21. e5
dxe5 22. Nxc6 Rxc6 23. Bxc6 Qxc6 24. a3 Nd5 25. Qxd3 e4 26. Qc4 Bxc3+ 27. Ka2
Qxc4 28. bxc4 Nxe3 29. Rd7 Rc8 30. Rc1 Ba5 31. c5 Rc6 32. Rxb7 a6 33. Rb8+ Kg7
34. Re8 f5 35. Re7+ Kf6 36. Rd7 Ke6 37. Rxh7 Rc7 38. Rh8 Nd5 39. Ra8 Rc6 40.
Re8+ Kf7 41. Ra8 e3 42. Ra7+ Kf6 43. Kb3 e2 44. Kc4 Nc7 0-1

[Event "4NCL/Div3/BRJ vs. PAP"]
[Site "Coventry ENG"]
[Date "2007.01.14"]
[Round "6.6"]
[White "Summerscale, Claire E"]
[Black "Bourne, Johnathan"]
[Result "0-1"]
[WhiteElo "2027"]
[BlackElo "2086"]
[PlyCount "80"]
[EventDate "2007.01.14"]
[EventType "team"]
[EventRounds "11"]
[EventCountry "ENG"]
[WhiteTeam "Pride+Prejudice"]
[BlackTeam "Brown Jack"]

1. d4 f5 2. c4 Nf6 3. Nc3 g6 4. Nf3 Bg7 5. Qc2 O-O 6. e3 d6 7. Be2 Nc6 8. a3 e5
9. d5 Ne7 10. e4 h6 11. Bd3 Kh7 12. Bd2 a6 13. a4 Rb8 14. O-O f4 15. b4 g5 16.
a5 Ng6 17. b5 g4 18. Ne1 Nh5 19. g3 f3 20. Qb2 Ra8 21. b6 Nf6 22. bxc7 Qxc7 23.
Nc2 h5 24. Rfb1 h4 25. Na4 hxg3 26. hxg3 Qf7 27. Be3 Nh5 28. Nb6 Nxg3 29. Nxa8
Nf4 30. Ne1 Nfe2+ 31. Bxe2 Nxe2+ 32. Kf1 Qh5 33. Nxf3 Ng3+ 34. Ke1 Rxf3 35. Kd2
Nxe4+ 36. Kc2 Bf5 37. Kb3 Nc5+ 38. Ka2 Bxb1+ 39. Rxb1 e4 40. Nc7 Bxb2 0-1

[Event "4NCL/Div3/BRJ vs. PAP"]
[Site "Coventry ENG"]
[Date "2007.01.14"]
[Round "6.7"]
[White "Martin, Lewis"]
[Black "Kieran, Rosalind A"]
[Result "0-1"]
[WhiteElo "1980"]
[BlackElo "2048"]
[PlyCount "74"]
[EventDate "2007.01.14"]
[EventType "team"]
[EventRounds "11"]
[EventCountry "ENG"]
[WhiteTeam "Brown Jack"]
[BlackTeam "Pride+Prejudice"]

1. e4 c5 2. Nf3 d6 3. d4 cxd4 4. Nxd4 Nf6 5. Nc3 g6 6. g3 Bg7 7. Bg2 O-O 8. O-O
Bd7 9. h3 Nc6 10. Be3 Ne5 11. b3 Qc8 12. Qe1 Bxh3 13. f4 Bxg2 14. Kxg2 Neg4 15.
Bg1 e5 16. Ndb5 Qc6 17. Rd1 Rfd8 18. Bxa7 d5 19. fxe5 Nxe4 20. Nxe4 Qxb5 21.
Nc3 Qc6 22. Bd4 Re8 23. Qe2 Nxe5 24. a4 Rac8 25. Qf2 f5 26. Qf4 Ng4 27. Rf3 Bh6
28. Qxh6 Nxh6 29. Rh1 Ng4 30. Rd1 Re6 31. Bg1 Rce8 32. Rd2 Ne5 33. Bd4 Nxf3 34.
Kxf3 Re3+ 35. Bxe3 d4+ 36. Ke2 Rxe3+ 37. Kf1 Qh1+ 0-1

[Event "4NCL/Div3/BRJ vs. PAP"]
[Site "Coventry ENG"]
[Date "2007.01.14"]
[Round "6.8"]
[White "Thilaganathan, Jessica"]
[Black "Tomboline, David"]
[Result "1/2-1/2"]
[WhiteElo "1880"]
[BlackElo "1975"]
[PlyCount "35"]
[EventDate "2007.01.14"]
[EventType "team"]
[EventRounds "11"]
[EventCountry "ENG"]
[WhiteTeam "Pride+Prejudice"]
[BlackTeam "Brown Jack"]

1. d4 b6 2. c4 Bb7 3. Nc3 e6 4. a3 f5 5. e3 Nf6 6. Nf3 Be7 7. d5 O-O 8. dxe6
dxe6 9. Qxd8 Bxd8 10. Nd4 Re8 11. b4 a6 12. Bb2 c5 13. bxc5 bxc5 14. Nb3 Nbd7
15. Na4 Be7 16. Na5 Rab8 17. O-O-O Ba8 18. f3 1/2-1/2

[Event "4NCL/Div3/BRI2 vs. NWE2"]
[Site "Coventry ENG"]
[Date "2007.01.14"]
[Round "6.1"]
[White "Dilleigh, Stephen P"]
[Black "Hague, Ben"]
[Result "0-1"]
[WhiteElo "2125"]
[BlackElo "2298"]
[PlyCount "44"]
[EventDate "2007.01.14"]
[EventType "team"]
[EventRounds "11"]
[EventCountry "ENG"]
[WhiteTeam "Bristol 2"]
[BlackTeam "N W Eagles 2"]

1. d4 g6 2. e4 Bg7 3. c4 d6 4. Nc3 Nf6 5. Be2 O-O 6. Bg5 Na6 7. f3 c5 8. d5 Nc7
9. Qd2 e6 10. Bd3 b5 11. cxb5 exd5 12. exd5 Bb7 13. Bc4 Qd7 14. Nge2 Rae8 15.
O-O Nfxd5 16. Nxd5 Nxd5 17. Bxd5 Bxd5 18. Qxd5 Rxe2 19. Rae1 Qxb5 20. Qxd6 Bd4+
21. Kh1 Rfe8 22. Bh4 Rxe1 0-1

[Event "4NCL/Div3/BRI2 vs. NWE2"]
[Site "Coventry ENG"]
[Date "2007.01.14"]
[Round "6.2"]
[White "Coates, Kenneth G"]
[Black "Curtis, John"]
[Result "1/2-1/2"]
[WhiteElo "2240"]
[BlackElo "2127"]
[PlyCount "114"]
[EventDate "2007.01.14"]
[EventType "team"]
[EventRounds "11"]
[EventCountry "ENG"]
[WhiteTeam "N W Eagles 2"]
[BlackTeam "Bristol 2"]

1. e4 d6 2. c4 e5 3. Nc3 Nc6 4. g3 g6 5. Bg2 Bg7 6. Nge2 Nge7 7. d3 O-O 8. O-O
f5 9. f4 fxe4 10. dxe4 Be6 11. Nd5 Qd7 12. Be3 b6 13. Qd2 Rad8 14. Rae1 Na5 15.
b3 c5 16. fxe5 dxe5 17. Bg5 Nac6 18. Nec3 Bxd5 19. Nxd5 Qe6 20. h4 Rxf1+ 21.
Rxf1 Rf8 22. Rxf8+ Bxf8 23. Kh2 Nd4 24. Qe3 Nec6 25. Bh3 Qf7 26. Bd7 Qf1 27. g4
Nf3+ 28. Kg3 Ncd4 29. Qf2 Qd3 30. Be3 Bg7 31. Be6+ Kh8 32. Bc8 Qxe4 33. Bb7 h5
34. Bc8 Qb1 35. Bxd4 Nxd4 36. gxh5 Qd3+ 37. Kg2 Qe4+ 38. Kh3 gxh5 39. Qf7 Qd3+
40. Kg2 Qe2+ 41. Kh3 Qf3+ 42. Qxf3 Nxf3 43. Bf5 Ng1+ 44. Kg3 Ne2+ 45. Kf3 Nf4
46. Nxf4 exf4 47. Kxf4 Bf6 48. Bg6 Bxh4 49. Bxh5 Kg7 50. Ke5 Kf8 51. Kd6 Be1
52. Kc7 Ke7 53. Kb7 Kd8 54. Bg4 Bc3 55. Kxa7 Kc7 56. Ka6 Bd2 57. Kb5 Bc3
1/2-1/2

[Event "4NCL/Div3/BRI2 vs. NWE2"]
[Site "Coventry ENG"]
[Date "2007.01.14"]
[Round "6.3"]
[White "Crockart, Scott"]
[Black "Lyell, Mark"]
[Result "1/2-1/2"]
[WhiteElo "2137"]
[BlackElo "2212"]
[PlyCount "83"]
[EventDate "2007.01.14"]
[EventType "team"]
[EventRounds "11"]
[EventCountry "ENG"]
[WhiteTeam "Bristol 2"]
[BlackTeam "N W Eagles 2"]

1. e4 e5 2. Nf3 Nc6 3. Nc3 Nf6 4. d4 exd4 5. Nxd4 Bb4 6. Nxc6 dxc6 7. Qxd8+
Kxd8 8. Bg5 h6 9. O-O-O+ Ke7 10. Bh4 g5 11. Bg3 Bxc3 12. bxc3 Be6 13. f3 Ne8
14. Kb1 Nd6 15. Bd3 Raf8 16. h4 Kd7 17. hxg5 hxg5 18. Be5 Rxh1 19. Rxh1 Rg8 20.
g4 Nc4 21. Bxc4 Bxc4 22. Rh2 c5 23. a3 Rg6 24. Kc1 Ra6 25. Kb2 Re6 26. Bg3 Rf6
27. Rf2 Rh6 28. Rd2+ Kc6 29. Rh2 Rxh2 30. Bxh2 Be2 31. f4 gxf4 32. Bxf4 Bxg4
33. Bg5 Bf3 34. e5 Kd5 35. Bf6 b5 36. Bg7 a5 37. Bf6 Kc4 38. Bd8 b4 39. cxb4
axb4 40. axb4 cxb4 41. Bxc7 Bd5 42. Bd6 1/2-1/2

[Event "4NCL/Div3/BRI2 vs. NWE2"]
[Site "Coventry ENG"]
[Date "2007.01.14"]
[Round "6.4"]
[White "Hulmes, David I"]
[Black "Easton, Alex"]
[Result "1-0"]
[WhiteElo "2212"]
[BlackElo "2137"]
[PlyCount "87"]
[EventDate "2007.01.14"]
[EventType "team"]
[EventRounds "11"]
[EventCountry "ENG"]
[WhiteTeam "N W Eagles 2"]
[BlackTeam "Bristol 2"]

1. e4 e6 2. d4 d5 3. Nd2 Nf6 4. e5 Nfd7 5. Bd3 c5 6. c3 Nc6 7. Ne2 Qb6 8. Nf3
cxd4 9. cxd4 f6 10. exf6 Nxf6 11. O-O Bd6 12. b3 O-O 13. Bf4 Bxf4 14. Nxf4 Nxd4
15. Nxd4 e5 16. Nxd5 Qxd4 17. Nc7 Rb8 18. Bc4+ Kh8 19. Qxd4 exd4 20. Nb5 a6 21.
Nxd4 b5 22. Be2 Bb7 23. Bf3 Rfd8 24. Rfd1 Bxf3 25. Nxf3 Rxd1+ 26. Rxd1 Rc8 27.
Ne5 h6 28. f4 Rc2 29. a4 Rb2 30. axb5 axb5 31. Rd3 Rb1+ 32. Kf2 Ne4+ 33. Ke2
Rb2+ 34. Ke3 Nc5 35. Rd8+ Kh7 36. f5 Nb7 37. Rb8 Nd6 38. g4 h5 39. h3 hxg4 40.
hxg4 Rxb3+ 41. Kd4 Rb1 42. Kd5 Nc4 43. Nf7 Rd1+ 44. Kc5 1-0

[Event "4NCL/Div3/BRI2 vs. NWE2"]
[Site "Coventry ENG"]
[Date "2007.01.14"]
[Round "6.5"]
[White "Richardt, Mike"]
[Black "Hughes, Howard R"]
[Result "0-1"]
[WhiteElo "2090"]
[BlackElo "2208"]
[PlyCount "80"]
[EventDate "2007.01.14"]
[EventType "team"]
[EventRounds "11"]
[EventCountry "ENG"]
[WhiteTeam "Bristol 2"]
[BlackTeam "N W Eagles 2"]

1. d4 e6 2. e4 d5 3. e5 c5 4. c3 Nc6 5. Be3 Nge7 6. Nf3 cxd4 7. cxd4 Nf5 8. Bd3
Nxe3 9. fxe3 f5 10. exf6 Qxf6 11. O-O Qh6 12. Qe2 Bd6 13. Nc3 O-O 14. g3 Bd7
15. Rad1 Rae8 16. Nh4 e5 17. Bf5 exd4 18. Nxd5 Be6 19. Bxe6+ Qxe6 20. Rxf8+
Bxf8 21. Nf4 Qxe3+ 22. Qxe3 dxe3 23. Ne2 Bc5 24. Rd5 b6 25. Nf3 a5 26. Kf1 Nb4
27. Rd7 Nxa2 28. Kg2 Nb4 29. Ng5 h6 30. Nf3 Nc6 31. g4 Re4 32. h3 Rb4 33. Nh4
Rxb2 34. Kf1 a4 35. Rc7 a3 36. Rxc6 a2 37. Rc8+ Kh7 38. Ra8 Rb1+ 39. Kg2 a1=Q
40. Rxa1 Rxa1 0-1